Big Data : A Primer

Ebook from Proquest

Đã lưu trong:
书目详细资料
主要作者: Mohanty, Hrushikesha
其他作者: Bhuyan, Prachet
格式: 图书
语言:Undetermined
出版: Springer (India) Private Limited 2015
主题:
在线阅读:http://lrc.tdmu.edu.vn/opac/search/detail.asp?aID=2&ID=41949
标签: 添加标签
没有标签, 成为第一个标记此记录!
Thư viện lưu trữ: Trung tâm Học liệu Trường Đại học Thủ Dầu Một
LEADER 00751nam a2200193Ia 4500
001 TDMU_41949
008 210410s9999 xx 000 0 und d
082 |a 895.92221 009 
100 |a Mohanty, Hrushikesha 
245 0 |a Big Data : A Primer 
245 0 |c Hrushikesha Mohanty, Prachet Bhuyan, Deepak Chenthati 
260 |a Springer (India) Private Limited 
260 |c 2015 
300 |a 195Pages 
520 |a Ebook from Proquest 
650 |a Computers  |x Databases  |x Data Mining; Computer  |x System Administration  |x Storage & Retrieval; Tin học  |x Dữ liệu máy tính 
700 |a Bhuyan, Prachet 
856 |u http://lrc.tdmu.edu.vn/opac/search/detail.asp?aID=2&ID=41949 
980 |a Trung tâm Học liệu Trường Đại học Thủ Dầu Một